Riconosci il Pokémon - Quiz n°265 - Statistics

Statistiche generali
  • Questo quiz è stato fatto 0 volte
  • Il punteggio medio è 0 su 10
Statistiche sulle risposte
Indizio Risposta % Corretto
Peso 120,0 kg
0%
Altezza 1,9 m
0%
Sesso 50% ♂, 50% ♀
0%
Tasso di cattura 60 (14.8%)
0%
Tasso di allevamento Lento
0%
Abilità Parafulmine; Testadura; Temerarietà
0%
Generazione Prima
0%
Stadio evoluzione Prima evoluzione
0%
Pokémon Rhydon
0%
Tipo Terra / Roccia
0%
Nessun quiz corrispondente trovato
Distribuzione punteggi
Percentuale di utenti per punteggio
Percentile per numero di risposta
I tuoi punteggi nel tempo
Non hai fatto questo quiz